Which City in Japan? - Statistics

General Stats
  • This quiz has been taken 36 times
  • The average score is 14 of 20
Answer Stats
Description Letter City % Correct
Center of Japan's second-largest urban region O Osaka
100%
Japan's capital city T Tokyo
100%
Target of the "Little Boy" atomic bomb on August 6, 1945 H Hiroshima
97%
A manmade island in this city's harbor was Japan's only port open to foreign traders during the isolation period N Nagasaki
97%
Famous for a type of Wagyu beef K Kobe
91%
Largest city on Hokkaido S Sapporo
91%
Capital of the Kanagawa Prefecture—also the largest suburb of the above Y Yokohama
91%
NOT the location of the 2011 nuclear accident known by the same name F Fukushima
82%
Principal city of the Chūkyō region N Nagoya
82%
Formerly known as Koromo, this city changed its name in honor of a car company T Toyota
82%
Coastal city near Japan's highest volcano F Fuji
76%
Largest city on Kyushu F Fukuoka
76%
City chosen as the host of the 1998 Winter Olympics N Nagano
61%
Capital of the Okinawa Prefecture N Naha
55%
Where the Tōdai-ji temple is situated N Nara
52%
Largest Honshu city located on the Sea of Japan coast N Niigata
48%
Capital of the Miyagi Prefecture—founded by samurai Date Masamune S Sendai
45%
Has the most visited of Japan's twelve original castles H Himeji
39%
Known for having the largest sand dune in Japan T Tottori
30%
Considered Japan's first feudal capital K Kamakura
21%
No matching quizzes found
Score Distribution
Percent of People with Each Score
Percentile by Number Answered
Your Score History
You have not taken this quiz